Swage overload (Record no. 523034)
[ view plain ]
| 000 -LEADER | |
|---|---|
| fixed length control field | 00340nam a22001337a 4500 |
| 008 - FIXED-LENGTH DATA ELEMENTS--GENERAL INFORMATION | |
| fixed length control field | 230626b ||||| |||| 00| 0 eng d |
| 100 ## - MAIN ENTRY--PERSONAL NAME | |
| Personal name | Mishra, Vivek |
| 245 ## - TITLE STATEMENT | |
| Title | Swage overload |
| 260 ## - PUBLICATION, DISTRIBUTION, ETC. (IMPRINT) | |
| Place of publication, distribution, etc | Down to Earth |
| 300 ## - PHYSICAL DESCRIPTION | |
| Extent | 31(22), Apr-1-15, 2023: p.25-27 |
| 773 ## - HOST ITEM ENTRY | |
| Main entry heading | Down to Earth |
| 906 ## - LOCAL DATA ELEMENT F, LDF (RLIN) | |
| Subject DIP | ENVIRONMENT |
| 942 ## - ADDED ENTRY ELEMENTS (KOHA) | |
| Item type | Articles |
| Withdrawn status | Lost status | Source of classification or shelving scheme | Damaged status | Not for loan | Permanent location | Current location | Date acquired | Serial Enumeration / chronology | Barcode | Date last seen | Koha item type |
|---|---|---|---|---|---|---|---|---|---|---|---|
| Indian Institute of Public Administration | Indian Institute of Public Administration | 2023-06-26 | 31(22), Apr-1-15, 2023: p.25-27 | AR129046 | 2023-06-26 | Articles |
